书目信息 |
| 书名: | Interpersonal communication | |
| 作者: | Julia T.Wood. | |
| 分册号: | ||
| 分册名: | 出版地: | Pacific Grove : |
|
| 出版社: | Duxbury Press | |
| 出版时间: | 2002. | |
| 页数: | 444 p. ; | |
| 开本: | 25cm. | |
| 丛书名: | ||
| 中图分类号: | ||
| 科图分类号: | ||
| 其他分类号: | C912.1 | |
| 主题词: | ||
| 电子资源: | ||
| 000 | 00449nam 2200157 a 4500 | |
| 001 | E0459529752 | |
| 005 | 2004122116320974 | |
| 008 | 041221s2002 00010 eng | |
| 020 | @a0-5345-4886-5 :@cRMB 12.00. | |
| 040 | @aPFT@beng | |
| 090 | @aC912.1 | |
| 099 | @dC912.1@eW876 | |
| 245 | @aInterpersonal communication :@bwveryday encounters / @cJulia T.Wood. | |
| 250 | @a3th ed. | |
| 260 | @aPacific Grove :@bDuxbury Press,@c2002. | |
| 300 | @a444 p. ;@c25cm. | |
| Interpersonal communication : : wveryday encounters / / Julia T.Wood.-3th ed.-Pacific Grove : : Duxbury Press, , 2002. |
| 444 p. ; ; 25cm. |
| ISBN 0-5345-4886-5 :RMB 12.00. |
| ● |
| 相关链接 |
|
|
|
正题名:Interpersonal communication
索取号:C912.1/W876
 
预约/预借
| 序号 | 登录号 | 条形码 | 馆藏地/架位号 | 状态 | 备注 |
| 1 | 04963 | 300049631 | 社科库509/509社科库 130排2列3层/ [索取号:C912.1/W876] | 在馆 | |
| 2 | 04964 | 300049640 | 社科库509/509社科库 130排2列3层/ [索取号:C912.1/W876] | 在馆 |